| 000 | 00472nam a2200169Ia 4500 | ||
|---|---|---|---|
| 001 | 10914 | ||
| 003 | IN-NITTTR | ||
| 005 | 20251114233102.0 | ||
| 008 | 251113s9999||||xx |||||||||||||| ||eng|| | ||
| 040 | _beng | ||
| 040 | _cIN-NITTTR | ||
| 041 | _aeng | ||
| 082 | _a651.75 G198M | ||
| 100 | _aGartside, L. | ||
| 245 | 0 |
_aModel business letters : _b a classified selection of modern business letters for use in schools and in business / _cGartside, L. |
|
| 942 |
_2ddc _cBK |
||
| 999 |
_c13550 _d13550 |
||